| 000 | 01267nam a22003977a 4500 | ||
|---|---|---|---|
| 001 | 2435957 | ||
| 003 | OSt | ||
| 005 | 20210426084011.0 | ||
| 008 | 880211t19881987nyuaf 001 0aeng | ||
| 010 | _a 88004161 | ||
| 020 | _a0399514414 | ||
| 040 |
_aDLC _cDLC _dDLC _beng |
||
| 041 | _aeng | ||
| 043 |
_an-us--- _ae-ur--- |
||
| 050 | 1 | 0 |
_aHC102.5 _b.H35 1988 |
| 080 |
_a92 _bH-20 |
||
| 082 | 0 | 0 |
_a338/.092/4 _aB _219 |
| 100 | 1 |
_aHammer, Armand, _d1898-1990. |
|
| 245 | 1 | 0 |
_aHammer / _cArmand Hammer, with Neil Lyndon. _b/ by: Perigee Books |
| 250 | _a1st Perigee edition | ||
| 260 |
_aNew York, NY _bPerigee Books _c1988, c1987. |
||
| 300 |
_a544 p., [32] p. of plates _bill. _c24 cm. |
||
| 365 | _b9.95 usd | ||
| 500 | _aIncludes index. | ||
| 600 | 1 | 0 |
_aHammer, Armand, _d1898-1990. |
| 650 | 0 |
_aBusinessmen _zUnited States _vBiography. |
|
| 650 | 0 |
_aBiography _9237 |
|
| 650 | 0 |
_aCapitalists and financiers _zUnited States _vBiography. |
|
| 650 | 0 |
_aStatesmen _zUnited States _vBiography. |
|
| 651 | 0 |
_aUnited States _xRelations _zSoviet Union. |
|
| 651 | 0 |
_aSoviet Union _xRelations _zUnited States. |
|
| 653 | _aბიოგრაფია | ||
| 700 | 1 | _aLyndon, Neil. | |
| 906 |
_a7 _bcbc _corignew _d1 _eocip _f19 _gy-gencatlg |
||
| 942 |
_2udc _cBK _e1 |
||
| 999 |
_c1316 _d1316 |
||